Kil Il Sung : (Record no. 10673)
[ view plain ]
| 000 -LEADER | |
|---|---|
| fixed length control field | 00472nam a22001817a 4500 |
| 001 - CONTROL NUMBER | |
| control field | BD-DhSAU 10673 |
| 003 - CONTROL NUMBER IDENTIFIER | |
| control field | BD-DhSAU |
| 005 - DATE AND TIME OF LATEST TRANSACTION | |
| control field | 20150717111837.0 |
| 008 - FIXED-LENGTH DATA ELEMENTS--GENERAL INFORMATION | |
| fixed length control field | 150717b1996 ko a||||r|||| 001 0 eng d |
| 040 ## - CATALOGING SOURCE | |
| Original cataloging agency | BD-DhSAU |
| 082 ## - DEWEY DECIMAL CLASSIFICATION NUMBER | |
| Edition number | 22 |
| Classification number | 951.93 |
| Item number | KIM |
| 245 ## - TITLE STATEMENT | |
| Title | Kil Il Sung : |
| Remainder of title | selected works VIII / |
| 260 ## - PUBLICATION, DISTRIBUTION, ETC. (IMPRINT) | |
| Place of publication, distribution, etc. | Korea : |
| Name of publisher, distributor, etc. | Foreign Languages Publishing House, |
| Date of publication, distribution, etc. | 1996. |
| 300 ## - PHYSICAL DESCRIPTION | |
| Extent | 486 p. : |
| Other physical details | ill. ; |
| Dimensions | 24 cm. |
| 590 ## - Name of Cataloguer | |
| Name of Cataloger | joy |
| 650 ## - SUBJECT ADDED ENTRY--TOPICAL TERM | |
| Topical term or geographic name as entry element | Works |
| 942 ## - ADDED ENTRY ELEMENTS (KOHA) | |
| Source of classification or shelving scheme | Dewey Decimal Classification |
| Koha item type | Book |
| Withdrawn status | Lost status | Source of classification or shelving scheme | Damaged status | Not for loan | Collection code | Home library | Branch Name | Shelving location | Date acquired | Total Checkouts | Full call number | Barcode | Date last seen | Price effective from | Koha item type |
|---|---|---|---|---|---|---|---|---|---|---|---|---|---|---|---|
| Dewey Decimal Classification | Not For Loan | Reference | SAU Library | SAU Library | Reference | 17/07/2015 | 951.93 KIM | 26408 | 17/07/2015 | 17/07/2015 | Book | ||||
| Dewey Decimal Classification | Not For Loan | Fiction | SAU Library | SAU Library | Reference | 17/07/2015 | 951.93 KIM | 7017 | 17/07/2015 | 17/07/2015 | Book | ||||
| Dewey Decimal Classification | Not For Loan | Reference | SAU Library | SAU Library | Reference | 27/12/1980 | 951.93 KIM | 7016 | 22/07/2015 | 22/07/2015 | Book | ||||
| Dewey Decimal Classification | Not For Loan | Reference | SAU Library | SAU Library | Reference | 22/07/2015 | 951.93 KIM | 34548 | 22/07/2015 | 22/07/2015 | Book |
